Buildings - Loughborough University, Loughborough (2016) - Statistics

General Stats
  • This quiz has been taken 3 times
  • The average score is 41 of 119
Answer Stats
Park Building % Correct
Village Park Cayley Hall
100%
West Park David Collett Hall
100%
West Park David Davies (Sir)
100%
East Park David Wallace (Sir)
100%
Central Park Edward Herbert Building (EHB)
100%
Village Park Elvyn Richards
100%
Village Park Faraday Hall
100%
West Park Frank Gibb (Sir)
100%
Central Park G Block
100%
East Park Harry French Hall
100%
Central Park Hazlerigg
100%
Village Park Hazlerigg-Rutland Hall
100%
LUSEP Holywell Building
100%
West Park imago at Burleigh Court Hotel
100%
Central Park James France
100%
Village Park John Phillips Hall
100%
Central Park Loughborough Students’ Union
100%
West Park Pilkington Library
100%
Village Park Robert Bakewell Hall
100%
Village Park Royce Hall
100%
Village Park Rutherford Hall
100%
Central Park Rutland
100%
West Park S Building
100%
Central Park Schofield
100%
West Park STEMLab
100%
Village Park Telford Hall
100%
East Park Towers
100%
Central Park Wavy Top
100%
West Park West Park Teaching Hub
100%
East Park William Morris
100%
West Park Wolfson
100%
Central Park Angela Marmont /Graduate House
50%
Central Park Brockington
50%
East Park Butler Court
50%
Central Park Chemistry
50%
East Park Dan Maskell Tennis Centre
50%
East Park Design School
50%
East Park Edward Barnsley
50%
Central Park Eggington Court
50%
Central Park Falkner Court
50%
Central Park Geography
50%
Central Park Herbert Manzoni
50%
Village Park Hub (The)
50%
West Park John Pickford
50%
West Park Loughborough University Stadium
50%
East Park National Centre for Sport and Exercise Medicine
50%
Village Park Purple Onion
50%
Central Park Seb Coe (HiPAC)
50%
Off Campus The Holt Hall
50%
Village Park Whitworth
50%
East Park 3D Design
0%
LUSEP Advanced Technology Innovation Centre
0%
Central Park Arnhold Hall (Sir)
0%
Central Park Bridgeman
0%
Central Park Brockington Extension
0%
Village Park Campus Living (Parcel and Card/ Student Accommodation Centre)
0%
Village Park Cayley Rutherford Dining Hall
0%
LUSEP Centre of Excellence in Gas Turbine Combustion Aerodynamics
0%
LUSEP Charnwood Wing
0%
East Park Clyde Williams
0%
Village Park Cogz
0%
East Park Cope Auditorium
0%
LUSEP Denis Rooke (Sir)
0%
East Park ECB Residences
0%
East Park EIS Loughborough Performance Centre
0%
Central Park Facilities Management
0%
Central Park Facilities Management (Workshop/Store)
0%
East Park Fairbairn
0%
Village Park Faraday Royce Dining Room
0%
East Park Fine Art Building
0%
Off Campus Forest Court
0%
West Park Frank Gibb (Sir) Laboratories
0%
Off Campus Frederick Street
0%
LUSEP Garendon Wing
0%
Central Park GG Block
0%
Central Park Graham Dilley Cricket Pavilion
0%
Central Park Graham Oldham
0%
Central Park Haslegrave
0%
Central Park Haslegrave Pavilion
0%
Central Park Hockley Pavilion
0%
Central Park Holywell Drive 11 (White House)
0%
Central Park Holywell Drive 3
0%
Central Park Holywell Drive 7
0%
West Park Holywell Fitness Centre
0%
Off Campus imago at The Link Hotel
0%
Village Park imago Sales Office
0%
East Park John Beckwith (Sir), Centre for Sport
0%
East Park John Clements
0%
East Park John Cooper
0%
Central Park John Ferguson
0%
East Park John Hardie
0%
West Park Keith Green
0%
East Park Leonard Dixon Drama Studio
0%
East Park Martin Hall
0%
East Park Matthew Arnold
0%
Village Park Medical Centre
0%
LUSEP Michael Pearson East
0%
LUSEP Michael Pearson West
0%
Village Park Mumford Arts Centre
0%
East Park National Gymnastics Performance and Research Centre
0%
East Park Netball/Badminton Centre
0%
West Park Outside Teaching Area
0%
Central Park Paula Radcliffe Pavilion
0%
Central Park Richard Morris (Sir)
0%
LUSEP Rolls-Royce University Technology Centre
0%
Central Park Rutland Lodge
0%
East Park Security Gatehouse
0%
LUSEP Security Point
0%
LUSEP SportPark
0%
Central Park Steve Backley National Throws Centre
0%
Central Park Stewart Mason
0%
West Park Stewart Miller
0%
East Park Swimming Pool
0%
East Park Tennis Centre
0%
East Park Towers Dining Hall
0%
Village Park University Lodge
0%
Village Park Village Restaurant
0%
East Park William Morris Hall
0%
West Park Wolfson Annex
0%
No matching quizzes found
Score Distribution
Percent of People with Each Score
Percentile by Number Answered
Your Score History
You have not taken this quiz